| 000 -LEADER |
| fixed length control field |
00965cam a2200265 a 4500 |
| 003 - CONTROL NUMBER IDENTIFIER |
| control field |
OSt |
| 005 - DATE AND TIME OF LATEST TRANSACTION |
| control field |
20240730160521.0 |
| 008 - FIXED-LENGTH DATA ELEMENTS--GENERAL INFORMATION |
| fixed length control field |
940331s1994 nyu b 000 0 eng |
| 010 ## - LIBRARY OF CONGRESS CONTROL NUMBER |
| LC control number |
94013665 |
| 020 ## - INTERNATIONAL STANDARD BOOK NUMBER |
| International Standard Book Number |
0070064555 (hc : acidfree paper) : |
| Terms of availability |
$39.95 |
| 040 ## - CATALOGING SOURCE |
| Original cataloging agency |
DLC |
| Transcribing agency |
DLC |
| Modifying agency |
DLC |
| 050 00 - LIBRARY OF CONGRESS CALL NUMBER |
| Classification number |
HF5718 |
| Item number |
.B654 1994 |
| 082 00 - DEWEY DECIMAL CLASSIFICATION NUMBER |
| Classification number |
651.7/3 |
| Edition number |
20 |
| 100 1# - MAIN ENTRY--PERSONAL NAME |
| Personal name |
Booher, Dianna Daniels. |
| 245 10 - TITLE STATEMENT |
| Title |
Communicate with confidence! : |
| Remainder of title |
how to say it right the first time and every time / |
| Statement of responsibility, etc |
Dianna Booher. |
| 260 ## - PUBLICATION, DISTRIBUTION, ETC. (IMPRINT) |
| Place of publication, distribution, etc |
New York : |
| Name of publisher, distributor, etc |
McGraw-Hill, |
| Date of publication, distribution, etc |
c1994. |
| 300 ## - PHYSICAL DESCRIPTION |
| Extent |
xv, 413 p. ; |
| Dimensions |
24 cm. |
| 504 ## - BIBLIOGRAPHY, ETC. NOTE |
| Bibliography, etc |
Includes bibliographical references (p. 401-412). |
| 650 #0 - SUBJECT ADDED ENTRY--TOPICAL TERM |
| Topical term or geographic name as entry element |
Business communication. |
| 650 #0 - SUBJECT ADDED ENTRY--TOPICAL TERM |
| Topical term or geographic name as entry element |
Oral communication. |
| 650 #0 - SUBJECT ADDED ENTRY--TOPICAL TERM |
| Topical term or geographic name as entry element |
Interpersonal communication. |
| 856 42 - ELECTRONIC LOCATION AND ACCESS |
| Materials specified |
Publisher description |
| Uniform Resource Identifier |
<a href="http://www.loc.gov/catdir/description/mh022/94013665.html">http://www.loc.gov/catdir/description/mh022/94013665.html</a> |
| 856 41 - ELECTRONIC LOCATION AND ACCESS |
| Materials specified |
Table of contents |
| Uniform Resource Identifier |
<a href="http://www.loc.gov/catdir/toc/mh022/94013665.html">http://www.loc.gov/catdir/toc/mh022/94013665.html</a> |
| 942 ## - ADDED ENTRY ELEMENTS (KOHA) |
| Source of classification or shelving scheme |
|